[Event "28th CRO-chT 1A-Men 2019"]
[Site "Mali Losinj"]
[Date "2019.10.02"]
[Round "5.11"]
[White "Golubovic, Boris"]
[Black "Sindik, Ervin"]
[Result "1/2-1/2"]
[WhiteElo "2401"]
[BlackElo "2283"]
[Annotator "TA"]
[PlyCount "66"]
[EventDate "2019.09.28"]
[EventType "team-tourn"]
[EventCountry "CRO"]
[SourceTitle "playchess.com"]
[Source "ChessBase"]
[SourceQuality "1"]

{[%evp 15,66,9,4,0,0,0,0,0,0,0,0,-23,0,-12,0,0,0,0,0,-42,-15,-71,-66,-75,-103,-105,0,0,5,5,2,4,6,6,9,4,9,0,0,0,0,0,0,0,0,0,0,0,0,0,0,0,0]} 1. Nf3 c5 2. b3 Nf6 3. Bb2 g6 4. c4 Bg7 5. g3 b6 6. Bg2 Bb7 7. O-O O-O 8. e3 d5 9. Qe2 {A30: Symmetrical English: Double Fianchetto and Hedgehog} (9. d3 Nc6 10. a3 Re8 11. Ne5 Qc7 12. Nxc6 Bxc6 13. cxd5 Bxd5 14. Bxd5 Nxd5 15. Bxg7 Kxg7 16. Qc2 Rad8 17. Nc3 Qe5 18. Rac1 Rd7 19. Rfd1 Red8 20. Nxd5 Rxd5 {½-½ (20) Ibarra Jerez,J (2542)-Predke,A (2619) La Roda 2019}) 9... Nc6 10. d4 dxc4 11. bxc4 cxd4 12. exd4 Rc8 13. Na3 Na5 14. Rfd1 Ba6 {[%cal Ra5c4]} 15. Rac1 Ne8 $146 ({Predecessor:} 15... e6 16. Bf1 Rc7 17. Qe1 Qa8 {1-0 (17) Meijers,V (2510)-Velicka,P (2460) Germany 2008}) 16. Ne5 Nd6 17. d5 {[#]} (17. Re1 {feels hotter.} Qe8 18. d5 Ndxc4 19. Naxc4 Nxc4 20. Rxc4 Rxc4 21. Nxc4 Bxb2 22. Qxb2 Bxc4 23. Qb4) 17... Ndxc4 $1 {[%mdl 512]} 18. Naxc4 (18. Ba1 $11) 18... Nxc4 $17 19. Nc6 Nxb2 20. Qxa6 Nxd1 (20... Rxc6 $1 $17 21. dxc6 Nxd1) 21. Qxc8 $1 $11 {[%mdl 64] [#] Decoy. The position is equal.} Qxc8 22. Nxe7+ {[%mdl 64] Double Attack} Kh8 23. Rxc8 Rxc8 24. Nxc8 {[%mdl 4096] Endgame KBN-KBN} Bd4 25. d6 {aiming for d7.} Nxf2 26. d7 Ng4+ 27. Kf1 Bf6 28. Nxa7 {Nc6 is the strong threat.} Ne5 $1 29. Bc6 Kg7 30. Bb5 Bd8 31. Ke2 Kf6 32. Nc6 Nxc6 33. Bxc6 Ke5 {Accuracy: White = 44%, Black = 70%.} 1/2-1/2

[Event "28th CRO-chT 1A-Men 2019"]
[Site "Mali Losinj"]
[Date "2019.10.02"]
[Round "5.13"]
[White "Ponkratov, Pavel"]
[Black "Fedorchuk, Sergey A."]
[Result "1/2-1/2"]
[WhiteElo "2621"]
[BlackElo "2619"]
[Annotator "ChessBase"]
[PlyCount "33"]
[EventDate "2019.09.28"]
[EventType "team-tourn"]
[EventCountry "CRO"]
[SourceTitle "playchess.com"]
[Source "ChessBase"]
[SourceQuality "1"]
[TimeControl "40/5400+30:1800+30"]

1. d4 {[%emt 0:00:30]} Nf6 {[%emt 0:00:30]} 2. c4 {[%emt 0:00:00]} e6 {[%emt 0:00:00]} 3. Nc3 {[%emt 0:00:00]} Bb4 {[%emt 0:00:00]} 4. Qc2 {[%emt 0:00:00]} c5 {[%emt 0:02:30]} 5. dxc5 {[%emt 0:00:00]} O-O {[%emt 0:00:30]} 6. Nf3 {[%emt 0:00:30]} Na6 {[%emt 0:00:30]} 7. g3 {[%emt 0:02:30]} Nxc5 {[%emt 0:00:30]} 8. Bd2 {[%emt 0:00:30]} Bxc3 {[%emt 0:16:30]} 9. Bxc3 {[%emt 0:00:30]} Nce4 {[%emt 0:00:00]} 10. Bg2 {[%emt 0:08:30]} Nxc3 {[%emt 0:15:00]} 11. Qxc3 {[%emt 0:00:30]} b6 {[%emt 0:00:30]} 12. Nd4 {[%emt 0:21:30]} Rb8 {[%emt 0:02:30]} 13. O-O {[%emt 0:00:30]} Bb7 {[%emt 0:01:30]} 14. Qa3 {[%emt 0:00:30]} Bxg2 {[%emt 0:04:30]} 15. Kxg2 {[%emt 0:00:30]} Qc7 {[%emt 0:00:30]} 16. Rac1 {[%emt 0:00:30]} Qc5 {[%emt 0:04:30]} 17. Qd3 {[%emt 0:02:30]} 1/2-1/2

[Event "28th CRO-chT 1A-Men 2019"]
[Site "Mali Losinj"]
[Date "2019.10.02"]
[Round "5.14"]
[White "Livaic, Leon"]
[Black "Martinovic, Sasa"]
[Result "1/2-1/2"]
[WhiteElo "2495"]
[BlackElo "2539"]
[Annotator "TA"]
[PlyCount "58"]
[EventDate "2019.09.28"]
[EventType "team-tourn"]
[EventCountry "CRO"]
[SourceTitle "playchess.com"]
[Source "ChessBase"]
[SourceQuality "1"]

{[%evp 9,58,-16,0,-3,0,-1,0,0,0,-20,-9,-15,0,-13,0,-22,-6,-31,-28,-36,-25,-49,-28,-23,-27,-12,-11,-46,-16,-43,-48,-52,-19,-68,-11,-24,-29,-35,-41,-31,-10,-66,-35,-30,-10,-19,-7,-37,-36,-33,-23]} 1. Nf3 d5 2. b3 Bg4 3. Bb2 Nd7 4. g3 e5 5. h3 Bxf3 6. exf3 {A06: Réti Opening:1 Nf3 d5} Ngf6 7. Bg2 Bc5 8. O-O {The position is equal.} O-O 9. d3 $146 ({Predecessor:} 9. c3 Re8 10. d4 exd4 11. cxd4 Bb6 12. Nd2 {½-½ (25) Malakhov,V (2691)-Motylev,A (2660) Sochi 2018}) 9... c6 10. Nc3 a5 11. Qd2 Qc7 12. Rae1 Rfe8 13. a3 Qd6 14. Qc1 Bd4 15. h4 b5 16. Ne2 Bxb2 17. Qxb2 Re7 18. Nc3 Nb6 19. Re2 Rae8 20. Rfe1 Nfd7 21. Bh3 h5 (21... g6 $15) 22. Nb1 g6 23. Nd2 f5 24. Bg2 Kh7 25. Kh2 (25. Qa1 $11) 25... Nf6 26. Kg1 Nbd7 27. b4 axb4 28. axb4 Nb6 29. c3 Na4 {Accuracy: White = 36%, Black = 25%.} 1/2-1/2

[Event "28th CRO-chT 1A-Men 2019"]
[Site "Mali Losinj"]
[Date "2019.10.02"]
[Round "5.15"]
[White "Cvitan, Ognjen"]
[Black "Plat, Vojtech"]
[Result "1/2-1/2"]
[WhiteElo "2490"]
[BlackElo "2573"]
[Annotator "ChessBase"]
[PlyCount "28"]
[EventDate "2019.09.28"]
[EventType "team-tourn"]
[EventCountry "CRO"]
[SourceTitle "playchess.com"]
[Source "ChessBase"]
[SourceQuality "1"]
[TimeControl "40/5400+30:1800+30"]

1. d4 {[%emt 0:00:30]} d6 {[%emt 0:00:30]} 2. e4 {[%emt 0:00:30]} Nf6 {[%emt 0:00:30]} 3. Nc3 {[%emt 0:00:00]} e5 {[%emt 0:00:00]} 4. Nf3 {[%emt 0:00:00]} Nbd7 {[%emt 0:00:00]} 5. Bc4 {[%emt 0:00:30]} Be7 {[%emt 0:00:00]} 6. O-O {[%emt 0:00:30]} O-O {[%emt 0:00:00]} 7. Re1 {[%emt 0:00:30]} c6 {[%emt 0:00:00]} 8. a4 {[%emt 0:00:30]} a5 {[%emt 0:00:00]} 9. h3 {[%emt 0:00:30]} Nb6 {[%emt 0:00:30]} 10. Bb3 {[%emt 0:00:30]} Nfd7 {[%emt 0:00:00]} 11. Be3 {[%emt 0:01:30]} exd4 {[%emt 0:00:00]} 12. Nxd4 {[%emt 0:02:30]} Nc5 {[%emt 0:00:00]} 13. Qf3 {[%emt 0:01:30]} Nxb3 {[%emt 0:04:00]} 14. cxb3 {[%emt 0:01:30]} Re8 {[%emt 0:07:30]} 1/2-1/2

[Event "28th CRO-chT 1A-Men 2019"]
[Site "Mali Losinj"]
[Date "2019.10.02"]
[Round "5.16"]
[White "Blazeka, Matej"]
[Black "Kurajica, Bojan"]
[Result "1/2-1/2"]
[WhiteElo "2385"]
[BlackElo "2494"]
[Annotator "ChessBase"]
[PlyCount "29"]
[EventDate "2019.09.28"]
[EventType "team-tourn"]
[EventCountry "CRO"]
[SourceTitle "playchess.com"]
[Source "ChessBase"]
[SourceQuality "1"]
[TimeControl "40/5400+30:1800+30"]

1. e4 {[%emt 0:00:30]} c5 {[%emt 0:00:30]} 2. Nf3 {[%emt 0:00:00]} e6 {[%emt 0:00:00]} 3. c4 {[%emt 0:00:00]} Nf6 {[%emt 0:01:00]} 4. Nc3 {[%emt 0:00:30]} Nc6 {[%emt 0:00:30]} 5. d4 {[%emt 0:00:00]} cxd4 {[%emt 0:00:00]} 6. Nxd4 {[%emt 0:00:00]} Bb4 {[%emt 0:00:00]} 7. Nxc6 {[%emt 0:00:30]} dxc6 {[%emt 0:04:30]} 8. Qxd8+ {[%emt 0:00:30]} Kxd8 {[%emt 0:00:30]} 9. e5 {[%emt 0:00:00]} Ne4 {[%emt 0:00:30]} 10. a3 {[%emt 0:04:00]} Bxc3+ {[%emt 0:00:30]} 11. bxc3 {[%emt 0:00:00]} b6 {[%emt 0:00:00]} 12. Be3 {[%emt 0:05:00]} Ba6 {[%emt 0:04:00]} 13. f3 {[%emt 0:14:30]} Nc5 {[%emt 0:00:00]} 14. Bxc5 {[%emt 0:00:30]} bxc5 {[%emt 0:00:00]} 15. O-O-O+ {[%emt 0:00:30]} 1/2-1/2

[Event "28th CRO-chT 1A-Men 2019"]
[Site "Mali Losinj"]
[Date "2019.10.02"]
[Round "5.17"]
[White "Rogic, Davor"]
[Black "Rogulj, Branko"]
[Result "1/2-1/2"]
[WhiteElo "2492"]
[BlackElo "2394"]
[Annotator "ChessBase"]
[PlyCount "54"]
[EventDate "2019.09.28"]
[EventType "team-tourn"]
[EventCountry "CRO"]
[SourceTitle "playchess.com"]
[Source "ChessBase"]
[SourceQuality "1"]
[TimeControl "40/5400+30:1800+30"]

1. e4 {[%emt 0:02:30]} e5 {[%emt 0:00:30]} 2. Nf3 {[%emt 0:00:30]} Nc6 {[%emt 0:00:00]} 3. Bb5 {[%emt 0:00:30]} Nf6 {[%emt 0:00:00]} 4. d4 {[%emt 0:03:30]} exd4 {[%emt 0:03:30]} 5. O-O {[%emt 0:00:30]} d6 {[%emt 0:02:30]} 6. Nxd4 {[%emt 0:07:30]} Bd7 {[%emt 0:00:30]} 7. Bxc6 {[%emt 0:00:30]} bxc6 {[%emt 0:00:00]} 8. Re1 {[%emt 0:01:30]} Be7 {[%emt 0:01:00]} 9. c4 {[%emt 0:03:30]} O-O {[%emt 0:01:30]} 10. Nc3 {[%emt 0:00:30]} Re8 {[%emt 0:04:30]} 11. h3 {[%emt 0:03:30]} Bf8 {[%emt 0:01:30]} 12. Bf4 {[%emt 0:02:30]} g6 {[%emt 0:06:30]} 13. Qd3 {[%emt 0:04:30]} Bg7 {[%emt 0:15:30]} 14. Rad1 {[%emt 0:05:30]} c5 {[%emt 0:07:30]} 15. Nf3 {[%emt 0:03:30]} Qb8 {[%emt 0:07:30]} 16. b3 {[%emt 0:03:30]} Nh5 {[%emt 0:07:30]} 17. Bh2 {[%emt 0:03:30]} Bc6 {[%emt 0:01:30]} 18. Nd5 {[%emt 0:15:30]} Nf6 {[%emt 0:11:30]} 19. Nxf6+ {[%emt 0:02:30]} Bxf6 {[%emt 0:00:30]} 20. e5 {[%emt 0:00:30]} dxe5 {[%emt 0:06:30]} 21. Nxe5 {[%emt 0:09:30]} Qb7 {[%emt 0:00:30]} 22. Nxc6 {[%emt 0:04:30]} Qxc6 {[%emt 0:00:30]} 23. Bf4 {[%emt 0:01:30]} Bd4 {[%emt 0:00:37]} 24. Qg3 {[%emt 0:02:32]} Rxe1+ {[%emt 0:03:34]} 25. Rxe1 {[%emt 0:00:02]} Re8 {[%emt 0:00:08]} 26. Rxe8+ {[%emt 0:05:20]} Qxe8 {[%emt 0:00:06]} 27. Be3 {[%emt 0:00:08]} Bxe3 {[%emt 0:03:15]} 1/2-1/2

[Event "28th CRO-chT 1A-Men 2019"]
[Site "Mali Losinj"]
[Date "2019.10.02"]
[Round "5.18"]
[White "Brumen, Dinko"]
[Black "Muse, Mladen"]
[Result "0-1"]
[WhiteElo "2317"]
[BlackElo "2387"]
[Annotator "TA"]
[PlyCount "60"]
[EventDate "2019.09.28"]
[EventType "team-tourn"]
[EventCountry "CRO"]
[SourceTitle "playchess.com"]
[Source "ChessBase"]
[SourceQuality "1"]

{[%evp 18,86,69,69,47,0,44,-2,-18,-39,-28,-38,-50,-62,-56,-59,-24,-58,-70,-70,-76,-68,-82,-57,-35,-43,-26,-64,-58,-106,-106,-155,-146,-146,-50,-167,-156,-392,-404,-391,-352,-429,-447,-423,-320,-317,-320,-305,-308,-301,-302,-297,-285,-356,-285,-1273,-1228,-1432,-1415,-1258,-1212,-12826,-8358,-6057,-2298,-12827,-6145,-12841,-12841,-12845,-12845]} 1. d4 Nf6 2. Nf3 e6 3. c4 b6 4. g3 Bb7 5. Bg2 Be7 6. O-O O-O 7. Nc3 d5 8. Ne5 c6 9. e4 dxc4 10. Nxc4 b5 {E06: Closed Catalan: Early deviations} 11. Ne5 b4 (11... Nbd7 12. Nd3 Rc8 13. Be3 b4 14. Na4 Ba6 15. Re1 Qa5 16. b3 Rfd8 17. Ndb2 e5 18. dxe5 Nxe5 {0-1 (46) Jankovic,A (2591)-Castellanos Rodriguez,R (2491) Tallinn 2016}) 12. Ne2 $146 ({Predecessor:} 12. Na4 Nbd7 13. Nxd7 Nxd7 14. Qc2 Ba6 15. Rd1 Qa5 16. b3 Rac8 17. Be3 c5 18. d5 exd5 19. Rxd5 {½-½ (31) Zpevak,P (2345)-Ruzicka,P (2293) Czechia 2005}) 12... c5 {The position is equal.} 13. dxc5 Bxc5 14. Qxd8 Rxd8 15. Bg5 Nbd7 16. Nd3 $1 Bb6 17. Nxb4 h6 18. Bxf6 Nxf6 19. e5 Bxg2 20. Kxg2 Rd2 $36 {[%mdl 2048] Black has some pressure.} 21. exf6 {[#] Nf4 is the strong threat.} Rxe2 22. Nd3 Rd8 23. Rad1 gxf6 24. a4 a5 25. b3 e5 (25... Rd4 $17 26. Kh3 e5) 26. Kf3 ({White should play} 26. b4 $1 $15) 26... Rc2 $19 27. h4 $2 (27. Kg4 $17 {was necessary.}) 27... Rc3 28. Ke2 Rxb3 {Hoping for ...e4.} 29. Nc1 Rb2+ 30. Kf3 {[#]} Rxd1 {Played: Rb2xf2} 0-1

[Event "28th CRO-chT 1A-Men 2019"]
[Site "Mali Losinj"]
[Date "2019.10.02"]
[Round "5.19"]
[White "Saric, Ibro"]
[Black "Lysyj, Igor"]
[Result "1/2-1/2"]
[WhiteElo "2564"]
[BlackElo "2596"]
[Annotator "TA"]
[PlyCount "30"]
[EventDate "2019.09.28"]
[EventType "team-tourn"]
[EventCountry "CRO"]
[SourceTitle "playchess.com"]
[Source "ChessBase"]
[SourceQuality "1"]

{[%evp 24,30,25,25,28,23,35,0,27]} 1. d4 Nf6 2. c4 e6 3. Nf3 d5 4. g3 Be7 5. Bg2 O-O 6. O-O dxc4 7. Ne5 Nc6 8. Bxc6 bxc6 9. Nxc6 Qe8 10. Nxe7+ Qxe7 11. Qa4 e5 12. dxe5 Qxe5 13. Qxc4 Be6 {E05: Open Catalan: 5 Nf3 Be7} 14. Qc2 Bf5 {[#]} 15. Qc4 $146 ({Predecessor:} 15. Qd2 Bh3 16. Re1 Rad8 17. Qc3 Qd5 18. f3 Rfe8 19. Na3 Qb7 20. Nc2 Qa6 21. Be3 {1-0 (39) Meier,G (2628)-Dominguez Perez,L (2739) chess.com INT 2018}) 15... Be6 1/2-1/2

[Event "28th CRO-chT 1A-Men 2019"]
[Site "Mali Losinj"]
[Date "2019.10.02"]
[Round "5.20"]
[White "Hracek, Zbynek"]
[Black "Saric, Ante"]
[Result "1/2-1/2"]
[WhiteElo "2555"]
[BlackElo "2557"]
[Annotator "TA"]
[PlyCount "48"]
[EventDate "2019.09.28"]
[EventType "team-tourn"]
[EventCountry "CRO"]
[SourceTitle "playchess.com"]
[Source "ChessBase"]
[SourceQuality "1"]

{[%evp 31,39,42,60,29,48,28,54,0,0,0]} 1. e4 c5 2. Nf3 g6 3. d4 cxd4 4. Nxd4 Nc6 5. c4 Nf6 6. Nc3 d6 7. Be2 Nxd4 8. Qxd4 Bg7 9. Be3 O-O 10. Qd2 Be6 11. Rc1 Qa5 12. f3 Rfc8 13. b3 a6 14. Na4 Qxd2+ 15. Kxd2 Nd7 16. g4 f5 17. gxf5 {B36: Sicilian: Maroczy Bind: Gurgenidze System} gxf5 18. Rhg1 {[#] Bh6 is the strong threat.} Kh8 19. Bd3 (19. Nc3 $14) 19... f4 $11 20. Bf2 {[#]} {Predecessor:} Bf6 $146 21. Nb6 Nxb6 22. Bxb6 Rg8 23. a4 Rxg1 24. Rxg1 a5 {½-½ (75) Malakhov,V (2686)-Guseinov,G (2646) Riadh 2017} 1/2-1/2

[Event "28th CRO-chT 1A-Men 2019"]
[Site "Mali Losinj"]
[Date "2019.10.02"]
[Round "5.21"]
[White "Galyas, Miklos"]
[Black "Leventic, Ivan"]
[Result "1/2-1/2"]
[WhiteElo "2476"]
[BlackElo "2388"]
[Annotator "TA"]
[PlyCount "36"]
[EventDate "2019.09.28"]
[EventType "team-tourn"]
[EventCountry "CRO"]
[SourceTitle "playchess.com"]
[Source "ChessBase"]
[SourceQuality "1"]

{[%evp 9,36,16,16,19,22,-8,16,15,13,9,18,10,10,8,12,12,9,4,37,21,24,18,28,22,28,33,22,29,26]} 1. Nf3 d5 2. c4 dxc4 3. e4 Nf6 4. e5 Nd5 5. Bxc4 Nb6 6. Bb3 {A09: Réti Opening: 1 Nf3 d5 2 c4} Bf5 7. O-O $146 ({Predecessor:} 7. d4 e6 8. Be3 Nc6 9. O-O Be7 10. h3 Nb4 11. Nc3 {0-1 (46) Ferretti,F (2284)-Sumets,A (2534) Bergamo 2008}) 7... e6 8. d4 {The position is equal.} Be7 9. Nc3 O-O 10. d5 exd5 11. Nxd5 Nxd5 12. Bxd5 c6 13. Bc4 $36 {[%mdl 2048] White has good play.} Bg4 14. Qe2 Nd7 15. Rd1 {[#] aiming for e6.} Kh8 16. e6 fxe6 17. Bxe6 Bxe6 18. Qxe6 Nc5 {Accuracy: White = 55%, Black = 83%.} 1/2-1/2

[Event "28th CRO-chT 1A-Men 2019"]
[Site "Mali Losinj"]
[Date "2019.10.02"]
[Round "5.22"]
[White "Zivkovic, Vjekoslav"]
[Black "Plenca, Julijan"]
[Result "1/2-1/2"]
[WhiteElo "2362"]
[BlackElo "2423"]
[Annotator "TA"]
[PlyCount "87"]
[EventDate "2019.09.28"]
[EventType "team-tourn"]
[EventCountry "CRO"]
[SourceTitle "playchess.com"]
[Source "ChessBase"]
[SourceQuality "1"]

{[%evp 9,87,-4,17,14,29,10,23,14,21,20,23,9,50,39,40,12,24,20,40,12,22,0,0,0,0,0,62,10,75,0,0,-19,-14,-21,-19,-25,0,0,0,0,0,0,0,0,0,0,0,0,0,-7,0,0,0,0,0,0,0,0,0,0,0,0,0,0,43,8,45,4,4,0,0,-12,0,-1,0,-5,0,0,0,0]} 1. e4 c5 2. Nf3 Nc6 3. Bb5 d6 4. d4 cxd4 5. Qxd4 Bd7 6. Qd3 {B53: Sicilian: 2...d6: Lines with Qxd4} Rc8 {[#] aiming for ...Nb4.} (6... g6 7. O-O Bg7 8. c4 Nf6 9. Nc3 O-O 10. h3 Rc8 11. Be3 Nb4 12. Qe2 a6 13. Bxd7 Nxd7 14. Bd4 Bxd4 15. Nxd4 {0-1 (29) Andreikin,D (2725)-Van Wely,L (2622) chess.com INT 2019}) 7. c4 Nf6 8. Nc3 {White has an edge.} g6 9. O-O Bg7 10. Be3 b6 $146 ({Predecessor:} 10... O-O 11. h3 Be6 12. Bxc6 bxc6 13. Rad1 Nd7 14. b3 Qa5 {½-½ (39) Oparin,G (2542)-Dubov,D (2619) Loo 2014}) 11. Bxc6 Bxc6 12. Nd5 e6 13. Nxf6+ Bxf6 14. Bd4 e5 15. Bc3 O-O 16. Bb4 Be7 17. Rfd1 f5 (17... Rc7 $11) 18. Qa3 (18. Bxd6 $14 Bxe4 19. Qa3) 18... Bxe4 (18... Rf6 $1 $11) 19. Nxe5 ({White should try} 19. Bxd6 $16 Re8 20. Nxe5) 19... Rf6 $1 $11 20. Bc3 Qc7 21. Nf3 Rf7 22. Bb4 Rd8 23. Qb3 Bxf3 24. gxf3 Bf6 25. Bc3 Be5 26. Bxe5 dxe5 27. Rxd8+ Qxd8 {[%mdl 4096] Endgame KQR-KQR} 28. Rd1 Qg5+ 29. Kh1 Qh4 30. Qe3 Re7 31. b3 Kf7 32. Rd5 e4 {White must now prevent ...f4.} (32... f4 {with more complications.} 33. Qe2 Qh3 34. Qd1 e4 35. Rd4 Qh4) 33. f4 Qg4 34. h3 Qh4 35. Kg2 Qf6 36. a4 h6 37. a5 g5 (37... bxa5 {is interesting.} 38. c5 g5 39. fxg5 Qxg5+ 40. Qxg5 hxg5 41. Rxf5+ Kg6) 38. axb6 axb6 {The position is equal.} 39. fxg5 hxg5 40. Qd4 Qxd4 41. Rxd4 Ke6 42. Rd5 Rc7 43. Rb5 Rc6 44. Kf1 {Accuracy: White = 57%, Black = 42%.} 1/2-1/2

[Event "28th CRO-chT 1A-Men 2019"]
[Site "Mali Losinj"]
[Date "2019.10.02"]
[Round "5.23"]
[White "Bobanac, Miro"]
[Black "Mrkonjic, Nenad"]
[Result "1-0"]
[WhiteElo "2257"]
[BlackElo "2347"]
[Annotator "NA"]
[PlyCount "97"]
[EventDate "2019.09.28"]
[EventType "team-tourn"]
[EventCountry "CRO"]
[SourceTitle "playchess.com"]
[Source "ChessBase"]
[SourceQuality "1"]
[TimeControl "40/5400+30:1800+30"]

1. Nf3 {[%emt 0:00:30]} d5 {[%emt 0:01:30]} 2. e3 {[%emt 0:01:30]} Nf6 {[%emt 0:00:30]} 3. c4 {[%emt 0:00:30]} e6 {[%emt 0:02:30]} 4. b3 {[%emt 0:03:30]} Be7 {[%emt 0:00:30]} 5. Bb2 {[%emt 0:00:30]} O-O {[%emt 0:00:30]} 6. Be2 {[%emt 0:03:30]} c5 {[%emt 0:01:30]} 7. O-O {[%emt 0:01:30]} Nc6 {[%emt 0:01:30]} 8. d4 {[%emt 0:02:30]} cxd4 {[%emt 0:00:30]} 9. Nxd4 {[%emt 0:00:30]} Nxd4 {[%emt 0:01:30]} 10. exd4 {[%emt 0:05:30]} b6 {[%emt 0:01:30]} 11. Bf3 {[%emt 0:02:30]} Bb7 {[%emt 0:03:30]} 12. Nd2 {[%emt 0:03:30]} Rc8 {[%emt 0:00:30]} 13. a3 {[%emt 0:06:30]} Qd7 {[%emt 0:00:30]} 14. Qe2 {[%emt 0:00:30]} Rc7 {[%emt 0:14:30]} 15. Rfc1 {[%emt 0:04:30]} Rfc8 {[%emt 0:00:00]} 16. Rc2 {[%emt 0:05:30]} Bd6 {[%emt 0:03:00]} 17. Rac1 {[%emt 0:05:30]} a5 {[%emt 0:02:30]} 18. Qe3 {[%emt 0:07:30]} Qe7 {[%emt 0:01:30]} 19. a4 {[%emt 0:01:30]} Bb4 {[%emt 0:02:30]} 20. Bc3 {[%emt 0:00:30]} Ba3 {[%emt 0:07:30]} 21. Re1 {[%emt 0:03:30]} Qd7 {[%emt 0:00:00]} 22. Ra2 {[%emt 0:01:30]} Bd6 {[%emt 0:05:00]} 23. g3 {[%emt 0:03:30]} Ba6 {[%emt 0:04:30]} 24. Be2 {[%emt 0:00:00]} dxc4 {[%emt 0:09:30]} 25. bxc4 {[%emt 0:02:00]} Bb7 {[%emt 0:01:30]} 26. Bf3 {[%emt 0:05:30]} Nd5 {[%emt 0:06:30]} 27. Bxd5 {[%emt 0:01:30]} exd5 {[%emt 0:02:30]} 28. c5 {[%emt 0:00:30]} Bf8 {[%emt 0:06:30]} 29. Nf3 {[%emt 0:02:30]} bxc5 {[%emt 0:00:45]} 30. Bxa5 {[%emt 0:03:30]} cxd4 {[%emt 0:00:15]} 31. Qxd4 {[%emt 0:02:30]} Rc4 {[%emt 0:10:52]} 32. Ne5 {[%emt 0:01:30]} Qh3 {[%emt 0:01:58]} 33. Qa7 {[%emt 0:01:47]} R4c7 {[%emt 0:05:22]} 34. Bxc7 {[%emt 0:08:30]} Rxc7 {[%emt 0:00:38]} 35. Rb2 {[%emt 0:00:52]} Qc8 {[%emt 0:00:31]} 36. Reb1 {[%emt 0:00:43]} Ba6 {[%emt 0:00:30]} 37. Qe3 {[%emt 0:00:46]} Re7 {[%emt 0:00:30]} 38. Rb8 {[%emt 0:02:51]} Qc7 {[%emt 0:00:02]} 39. Qb6 {[%emt 0:00:41]} Qxe5 {[%emt 0:02:55]} 40. Qxa6 {[%emt 0:00:00]} Re8 {[%emt 0:00:00]} 41. Rxe8 {[%emt 0:03:20]} Qxe8 {[%emt 0:02:12]} 42. Qb5 {[%emt 0:00:00]} Qe4 {[%emt 0:00:30]} 43. Rd1 {[%emt 0:02:00]} g6 {[%emt 0:02:30]} 44. a5 {[%emt 0:00:30]} d4 {[%emt 0:08:39]} 45. a6 {[%emt 0:02:30]} Qc2 {[%emt 0:00:35]} 46. Qb1 {[%emt 0:01:30]} Qc7 {[%emt 0:02:40]} 47. Qb7 {[%emt 0:03:30]} Qc2 {[%emt 0:01:39]} 48. Rxd4 {[%emt 0:03:30]} Bc5 {[%emt 0:00:36]} 49. a7 {[%emt 0:00:30]} 1-0

[Event "28th CRO-chT 1A-Men 2019"]
[Site "Mali Losinj"]
[Date "2019.10.02"]
[Round "5.24"]
[White "Feletar, Darko"]
[Black "Brulic, Denis"]
[Result "1-0"]
[WhiteElo "2356"]
[BlackElo "2230"]
[Annotator "NA"]
[PlyCount "85"]
[EventDate "2019.09.28"]
[EventType "team-tourn"]
[EventCountry "CRO"]
[SourceTitle "playchess.com"]
[Source "ChessBase"]
[SourceQuality "1"]
[TimeControl "40/5400+30:1800+30"]

1. Nf3 {[%emt 0:03:30]} Nf6 {[%emt 0:00:30]} 2. c4 {[%emt 0:00:30]} e6 {[%emt 0:00:00]} 3. g3 {[%emt 0:00:00]} d5 {[%emt 0:01:00]} 4. Bg2 {[%emt 0:00:00]} Nbd7 {[%emt 0:08:30]} 5. b3 {[%emt 0:04:30]} c6 {[%emt 0:04:30]} 6. O-O {[%emt 0:00:30]} Bd6 {[%emt 0:00:30]} 7. d4 {[%emt 0:03:30]} Ne4 {[%emt 0:01:30]} 8. Qc2 {[%emt 0:03:30]} O-O {[%emt 0:01:30]} 9. Ba3 {[%emt 0:01:30]} Bxa3 {[%emt 0:02:30]} 10. Nxa3 {[%emt 0:00:00]} Qe7 {[%emt 0:05:30]} 11. Nb1 {[%emt 0:04:00]} b6 {[%emt 0:02:30]} 12. Nbd2 {[%emt 0:04:30]} Nxd2 {[%emt 0:03:30]} 13. Nxd2 {[%emt 0:01:30]} Ba6 {[%emt 0:00:30]} 14. e4 {[%emt 0:08:30]} Rac8 {[%emt 0:00:30]} 15. Rfe1 {[%emt 0:01:30]} Qf6 {[%emt 0:06:30]} 16. Qb2 {[%emt 0:12:30]} Bb7 {[%emt 0:06:30]} 17. Rad1 {[%emt 0:03:30]} Rfd8 {[%emt 0:04:30]} 18. b4 {[%emt 0:10:30]} Rc7 {[%emt 0:02:30]} 19. Rc1 {[%emt 0:04:30]} Rdc8 {[%emt 0:05:30]} 20. Rc2 {[%emt 0:01:30]} Qd8 {[%emt 0:04:30]} 21. Rec1 {[%emt 0:02:30]} Nf6 {[%emt 0:01:30]} 22. e5 {[%emt 0:02:30]} Ne8 {[%emt 0:03:30]} 23. c5 {[%emt 0:06:30]} Ba6 {[%emt 0:02:30]} 24. Qb3 {[%emt 0:00:58]} Rb7 {[%emt 0:00:30]} 25. a3 {[%emt 0:01:21]} Be2 {[%emt 0:02:30]} 26. Qe3 {[%emt 0:03:38]} Bb5 {[%emt 0:00:30]} 27. Bf1 {[%emt 0:00:36]} Bxf1 {[%emt 0:08:30]} 28. Kxf1 {[%emt 0:00:09]} a5 {[%emt 0:00:30]} 29. Nb3 {[%emt 0:05:22]} axb4 {[%emt 0:01:30]} 30. axb4 {[%emt 0:00:47]} bxc5 {[%emt 0:00:30]} 31. Na5 {[%emt 0:00:29]} Rxb4 {[%emt 0:02:33]} 32. Rxc5 {[%emt 0:00:09]} Rb5 {[%emt 0:17:05]} 33. Nxc6 {[%emt 0:00:43]} Rxc5 {[%emt 0:00:08]} 34. Rxc5 {[%emt 0:00:25]} Qd7 {[%emt 0:00:54]} 35. Ne7+ {[%emt 0:00:50]} Qxe7 {[%emt 0:00:05]} 36. Rxc8 {[%emt 0:00:03]} f6 {[%emt 0:00:38]} 37. Qc3 {[%emt 0:02:40]} fxe5 {[%emt 0:00:32]} 38. dxe5 {[%emt 0:00:07]} Qd7 {[%emt 0:00:33]} 39. Qc5 {[%emt 0:01:27]} Kf7 {[%emt 0:01:04]} 40. Ra8 {[%emt 0:00:00]} Kg6 {[%emt 0:00:00]} 41. Ra7 {[%emt 0:05:16]} Qd8 {[%emt 0:01:58]} 42. Qf8 {[%emt 0:00:30]} Qc8 {[%emt 0:00:30]} 43. Rxg7+ {[%emt 0:03:30]} 1-0